00517cam a22002171 4500001001300000003000400013005001700017008004100034010001700075035002000092040001800112042001200130050001700142100002200159245002400181260001100205300001500216500001600231650003500247999001700282sa 67001867 DLC20260227112326.0890705m19569999bg 000 0 beno  asa 67001867  a(OCoLC)19963664 aDLCcWaUdDLC apremarc00aPN1031b.A781 aAshraf, Syed Ali.10aKābya-paricaẏa. c[1956- av.c22 cm. aIn Bengali. 0aPoetryxHistory and criticism. c72889d72889